Disability benefits (Record no. 72751)
[ view plain ]
| 000 -LEADER | |
|---|---|
| fixed length control field | 01541cam a2200265 4500 |
| 001 - CONTROL NUMBER | |
| control field | ABS66706 |
| 008 - FIXED-LENGTH DATA ELEMENTS--GENERAL INFORMATION | |
| fixed length control field | 030523n2003 000 0 eng u |
| 035 ## - SYSTEM CONTROL NUMBER | |
| System control number | (Sirsi) u122395 |
| 100 ## - MAIN ENTRY--PERSONAL NAME | |
| Personal name | Shipley, A. |
| 245 ## - TITLE STATEMENT | |
| Title | Disability benefits |
| 260 ## - PUBLICATION, DISTRIBUTION, ETC. | |
| Date of publication, distribution, etc. | 2003 |
| 490 ## - SERIES STATEMENT | |
| Series statement | Fire Engineers' Journal |
| Volume/sequential designation | 62(232) May 2003, 40-42(3) |
| 520 ## - SUMMARY, ETC. | |
| Summary, etc. | Examines the UK standards that relate to the evacuation of disabled people from buildings in the event of fire. The guidelines which cover this are Building Regulations 1991 Approved Document B (2000 Edition), Building Standards (Scotland) Regulations, Fire Precautions Act 1971, Fire Precautions (Workplace) Regulations 1997 and BS 5588-8: 1999"Fire precautions in the design and construction of buildings: code of practice for means of escape for disabled people".Concludes that evacuation plans for disabled people by building managers should never rely on the fire service but should be planned to facilitate the escape of all building occupants within three minutes of an alarm being activated. |
| 590 ## - LOCAL NOTE (RLIN) | |
| Local note | ABS |
| 650 ## - SUBJECT ADDED ENTRY--TOPICAL TERM | |
| Topical term or geographic name entry element | BUILDING REGULATIONS 1991 APPROVED DOCUMENT B (2000 EDITION) |
| 650 ## - SUBJECT ADDED ENTRY--TOPICAL TERM | |
| Topical term or geographic name entry element | BUILDING STANDARDS (SCOTLAND) REGULATIONS |
| 650 ## - SUBJECT ADDED ENTRY--TOPICAL TERM | |
| Topical term or geographic name entry element | FIRE PRECAUTIONS ACT 1971 |
| 650 ## - SUBJECT ADDED ENTRY--TOPICAL TERM | |
| Topical term or geographic name entry element | FIRE PRECAUTIONS (WORKPLACE) REGULATIONS 1997 |
| 650 ## - SUBJECT ADDED ENTRY--TOPICAL TERM | |
| Topical term or geographic name entry element | BS 5588-8: 1999 |
| 650 ## - SUBJECT ADDED ENTRY--TOPICAL TERM | |
| Topical term or geographic name entry element | MANAGEMENT-BUSINESS MANAGEMENT-DISCRIMINATION-DISABILITY DISCRIMINATION-ACCESSIBILITY |
| 650 ## - SUBJECT ADDED ENTRY--TOPICAL TERM | |
| Topical term or geographic name entry element | FIRE PRECAUTIONS |
| 650 ## - SUBJECT ADDED ENTRY--TOPICAL TERM | |
| Topical term or geographic name entry element | EVACUATION |
| 690 ## - LOCAL SUBJECT ADDED ENTRY--TOPICAL TERM (OCLC, RLIN) | |
| Topical term or geographic name as entry element | Health and safety |
| 9 (RLIN) | 6244 |
| 942 ## - ADDED ENTRY ELEMENTS (KOHA) | |
| Suppress in OPAC | 0 |
| Withdrawn status | Lost status | Source of classification or shelving scheme | Damaged status | Not for loan | Home library | Current library | Shelving location | Date acquired | Total Checkouts | Full call number | Barcode | Date last seen | Copy number | Price effective from | Koha item type |
|---|---|---|---|---|---|---|---|---|---|---|---|---|---|---|---|
| Dewey Decimal Classification | London | London | Journal article | 23/05/2003 | ABS66706 | 122395-1001 | 06/08/2019 | 1 | 06/08/2019 | Journal article |